Hotel pricing in a social world: driving value in the digital economy. / (Record no. 8448)

MARC details
000 -LEADER
fixed length control field 02077cam a2200373 i 4500
001 - CONTROL NUMBER
control field 18777682
003 - CONTROL NUMBER IDENTIFIER
control field OSt
005 - DATE AND TIME OF LATEST TRANSACTION
control field 20220120110033.0
008 - FIXED-LENGTH DATA ELEMENTS--GENERAL INFORMATION
fixed length control field 150910s2016 njua b 001 0 eng
010 ## - LIBRARY OF CONGRESS CONTROL NUMBER
LC control number 2015033007
020 ## - INTERNATIONAL STANDARD BOOK NUMBER
International Standard Book Number 9781119129967 (cloth)
040 ## - CATALOGING SOURCE
Original cataloging agency DLC
Language of cataloging eng
Transcribing agency DLC
Description conventions rda
Modifying agency DLC
042 ## - AUTHENTICATION CODE
Authentication code pcc
050 00 - LIBRARY OF CONGRESS CALL NUMBER
Classification number TX911.3.R3.M35
082 00 - DEWEY DECIMAL CLASSIFICATION NUMBER
Classification number 910.46068
Edition number 23
100 1# - MAIN ENTRY--PERSONAL NAME
Personal name McGuire, Kelly Ann.
245 10 - TITLE STATEMENT
Title Hotel pricing in a social world: driving value in the digital economy. /
Statement of responsibility, etc. Kelly A. McGuire
264 #1 - PRODUCTION, PUBLICATION, DISTRIBUTION, MANUFACTURE, AND COPYRIGHT NOTICE
Place of production, publication, distribution, manufacture Hoboken, New Jersey:
Name of producer, publisher, distributor, manufacturer John Wiley & Sons, Inc.,
Date of production, publication, distribution, manufacture, or copyright notice 2016.
300 ## - PHYSICAL DESCRIPTION
Extent xxii, 329 p.:
Other physical details illustrations ;
Dimensions 24 cm
336 ## - CONTENT TYPE
Content type term text
Content type code txt
Source rdacontent
337 ## - MEDIA TYPE
Media type term unmediated
Media type code n
Source rdamedia
338 ## - CARRIER TYPE
Carrier type term volume
Carrier type code nc
Source rdacarrier
490 0# - SERIES STATEMENT
Series statement The Wiley & SAS business series
504 ## - BIBLIOGRAPHY, ETC. NOTE
Bibliography, etc. note Includes bibliographical references and index.
505 ## - FORMATTED CONTENTS NOTE
Formatted contents note Contents: 1. New analytics for a new environment: the evolution of hotel revenue management analytics, technology and data: The Social world has changed revenue management forever -- Demystifying price optimization -- Big data, big analytics and revenue management -- 2. The Expanding role of revenue management: Hotel pricing in a asocial world: price, UGC and buying behavior -- Integrating revenue management and marketing -- Total hotel revenue management -- 3. The Future of revenue management: pricing as a business strategy: Pricing as a strategic tool -- The Path to personalization: revenue management's contribution to the new guest experience -- The Future of revenue management --
650 #0 - SUBJECT ADDED ENTRY--TOPICAL TERM
Topical term or geographic name entry element Hotels
General subdivision Rates.
650 #0 - SUBJECT ADDED ENTRY--TOPICAL TERM
Topical term or geographic name entry element Online social networks
General subdivision Economic aspects.
650 #0 - SUBJECT ADDED ENTRY--TOPICAL TERM
Topical term or geographic name entry element Electronic commerce.
650 #0 - SUBJECT ADDED ENTRY--TOPICAL TERM
Topical term or geographic name entry element Revenue management.
776 08 - ADDITIONAL PHYSICAL FORM ENTRY
Relationship information Online version:
Main entry heading McGuire, Kelly Ann.
Title Hotel pricing in a social world
Place, publisher, and date of publication Hoboken, New Jersey : John Wiley & Sons, Inc., [2016]
International Standard Book Number 9781119192411
Record control number (DLC) 2015035733
906 ## - LOCAL DATA ELEMENT F, LDF (RLIN)
a 7
b cbc
c orignew
d 1
e ecip
f 20
g y-gencatlg
942 ## - ADDED ENTRY ELEMENTS (KOHA)
Source of classification or shelving scheme Library of Congress Classification
Koha item type Books
Holdings
Withdrawn status Lost status Source of classification or shelving scheme Damaged status Not for loan Home library Current library Shelving location Date acquired Full call number Barcode Date last seen Koha item type
    Library of Congress Classification     WISCONSIN INTERNATIONAL UNIVERSITY COLLEGE, GHANA KUMASI LIBRARY WISCONSIN INTERNATIONAL UNIVERSITY COLLEGE, GHANA KUMASI LIBRARY General Stacks 24/10/2019 TX911.3.R3.M35 K/405/405/19 20/01/2022 Books

If you have any concerns or questions; kindly contact the library


© Powered by WIUC ICT DIRECTORATE